Homework

This book provides motivating ways to help learners to enjoy their homework, and to make it interesting and worthwhile

Guardado en:
Detalles Bibliográficos
Autor principal: Painter, Lesley
Formato: Libro
Lenguaje:Undetermined
Publicado: New York Oxford University Press 2004
Materias:
Etiquetas: Agregar Etiqueta
Sin Etiquetas, Sea el primero en etiquetar este registro!
Thư viện lưu trữ: Trung tâm Học liệu Trường Đại học Cần Thơ
LEADER 00610nam a2200205Ia 4500
001 CTU_123897
008 210402s9999 xx 000 0 und d
020 |c 155000 
082 |a 371.3028 
082 |b P148 
100 |a Painter, Lesley 
245 0 |a Homework 
245 0 |c Lesley Painter 
260 |a New York 
260 |b Oxford University Press 
260 |c 2004 
520 |a This book provides motivating ways to help learners to enjoy their homework, and to make it interesting and worthwhile 
650 |a Homework 
904 |i Năm 
980 |a Trung tâm Học liệu Trường Đại học Cần Thơ